| 000 | 00583cam a2200217ua 4500 | ||
|---|---|---|---|
| 001 | 10790 | ||
| 005 | 20260515114648.0 | ||
| 008 | 190403n ii |||gr||||Z||||||eng | ||
| 020 | _a818333167X | ||
| 040 | _cMAIN | ||
| 082 | _a004 | ||
| 245 |
_aModern computer hardware course _cBy Manahar Lotia and others |
||
| 250 | _a2nd rep. | ||
| 260 |
_aNew Delhi: _bBPB publications, _c2017. |
||
| 300 | _a658p. | ||
| 653 | _aData processing & computer science | ||
| 700 |
_aManahar Lotia, _eAuthor. |
||
| 700 |
_aPradeep Nair, _eAuthor. |
||
| 700 |
_aPayai Lotia, _eAuthor. |
||
| 942 | _cBK | ||
| 999 |
_c9742 _d9742 |
||